000 00319nam a2200121Ia 4500
008 190216s9999||||xx |||||||||||||| ||und||
100 _aAgarwal G D & Bansil P C
245 0 _aEconomic Theory As Applied To Agriculture
260 _bVikas Publishing House
_c1971
300 _a253p
650 _aCommerce
942 _cBK
999 _c4539
_d4539